01450nam a2200337 4500001000400000003000400004005001700008008004100025020001800066040000800084041001300092082001900105100002900124240001200153245010600165260004300271300001100314520041500325650003100740650002700771650002300798650001700821650001700838650002000855655001600875655002000891700003700911942001500948952013600963999001301099380OSt20250528074019.0250403b |||||||g |||| 00| 1 eng d a9788574211497 bpor hengapor aB869.93bF816b1 aFranchini, A. S.,d1964- aBeowulf aBeowulf: bRecriação em prosa do poema medieval inglês /cFranchini, A. S. ; Segangredo, Carmen aPorto AlegrebArtes e Ofícios c2007 a231 p. aPrimeiro poema épico da Europa Ocidental, Beowulf é considerado, até hoje, uma das obras-primas da literatura inglesa. Um herói destemido o bastante para enfrentar três dos mais ferozes monstros criados pela imaginação humana em três duelos sucessivos e vertiginosos: eis que o leitor encontrará nas páginas deste vibrante romance, adaptado do clássico poema medieval inglês "Beowulf". 0aLiteratura Brasileira9205 0aLiteratura Inglesa989 0aAdaptação9788 0aÉpico9789 0aAventura947 0aMitologia 9128 0aRomance923 0aFicção 922 aSegangredo, CarmeneCoautor9790 2ddcn0cBK 00102ddc40708FICaBIBIBbBIBIBcLBd2013-12-12edoaçãol0oB869.93 / F816bp2025-14816r2025-04-03 07:59:40w2025-04-03yBK c380d380